Building sustainability in the balance (Record no. 103631)

MARC details
000 -LEADER
fixed length control field 01310cam a2200301 4500
001 - CONTROL NUMBER
control field L126690
008 - FIXED-LENGTH DATA ELEMENTS--GENERAL INFORMATION
fixed length control field 040705n2004 000 0 eng u
020 ## - INTERNATIONAL STANDARD BOOK NUMBER
International Standard Book Number 072820424X
035 ## - SYSTEM CONTROL NUMBER
System control number (Sirsi) u126690
041 ## - LANGUAGE CODE
Language code of text/sound track or separate title eng
050 ## - LIBRARY OF CONGRESS CALL NUMBER
Classification number 333.72
-- 18
100 ## - MAIN ENTRY--PERSONAL NAME
Personal name Sayce, Sarah
245 ## - TITLE STATEMENT
Title Building sustainability in the balance
Remainder of title promoting stakeholder diaglogue
260 ## - PUBLICATION, DISTRIBUTION, ETC.
Place of publication, distribution, etc. London
Name of publisher, distributor, etc. Estates Gazette
Date of publication, distribution, etc. 2004
300 ## - PHYSICAL DESCRIPTION
Extent xi, 132p.
Other physical details ill.
Dimensions 31cm.
350 ## - PRICE (NR) (BK AM CF MU VM SE) [OBSOLETE]
Price 35
520 ## - SUMMARY, ETC.
Summary, etc. Based on the findings of a DTI funded project, "Buildings: a new life", this book describes the issues of building sustainability in relation to the objectives of economic, social and environmental well-being. This book also addresses the principles and conflicts inherent in sustainability, stakeholders within sustainable development and the Building Sustainability Assessment Tool (BSAT). Appendices provide a summary of "Buildings: a new life", a glossary and a bibliography.
650 ## - SUBJECT ADDED ENTRY--TOPICAL TERM
Topical term or geographic name entry element SUSTAINABLE CONSTRUCTION
650 ## - SUBJECT ADDED ENTRY--TOPICAL TERM
Topical term or geographic name entry element ENVIRONMENTAL SUSTAINABILITY
650 ## - SUBJECT ADDED ENTRY--TOPICAL TERM
Topical term or geographic name entry element SUSTAINABLE BUILDINGS
650 ## - SUBJECT ADDED ENTRY--TOPICAL TERM
Topical term or geographic name entry element SUSTAINABLE DEVELOPMENT
650 ## - SUBJECT ADDED ENTRY--TOPICAL TERM
Topical term or geographic name entry element ECONOMIC SUSTAINABILITY
690 ## - LOCAL SUBJECT ADDED ENTRY--TOPICAL TERM (OCLC, RLIN)
Topical term or geographic name as entry element BUILDING AND CONSTRUCTION-SUSTAINABLE
700 ## - ADDED ENTRY--PERSONAL NAME
Personal name Walker, Anthony
700 ## - ADDED ENTRY--PERSONAL NAME
Personal name McIntosh, Angus
942 ## - ADDED ENTRY ELEMENTS (KOHA)
Suppress in OPAC 0
Holdings
Withdrawn status Lost status Source of classification or shelving scheme Damaged status Not for loan Home library Current library Shelving location Date acquired Cost, normal purchase price Total Checkouts Full call number Barcode Date last seen Date last checked out Copy number Cost, replacement price Price effective from Koha item type
    Dewey Decimal Classification     London London Folio 22/07/2004 29.75 16 F333.72 SAY 30069310 06/08/2019 23/09/2008 1 29.75 06/08/2019 Book